000
00294pam a2200133 a 4500
020
_c
041
_h
082
_a
D577
_b
REN
100
_a
Renfroe.,
_e
E.W.,
245
_a
Edgewise
_h
Textual Documents
260
_a
Pennsylvania
_b
lea & Febiger
_c
1975
300
_a
494:
_c
22x2811.
930
_a
2312
999
_c
41702
_d
41702